Regions of Iceland - Statistics

General Stats
  • This quiz has been taken 13 times
  • The average score is 5 of 8
Answer Stats
Answer % Correct
Capital Region
88%
Eastern Region
75%
Southern Peninsula
63%
Southern Region
63%
Western Region
63%
Westfjords
63%
Northeastern Region
50%
Northwestern Region
50%
No matching quizzes found
Score Distribution
Percent of People with Each Score
Percentile by Number Answered
Your Score History
You have not taken this quiz